Planning, EC law and access to the property market (Record no. 76373)
[ view plain ]
| 000 -LEADER | |
|---|---|
| fixed length control field | 01113cab a2200181 4500 |
| 001 - CONTROL NUMBER | |
| control field | ##L132251 |
| 008 - FIXED-LENGTH DATA ELEMENTS--GENERAL INFORMATION | |
| fixed length control field | 060123n2005 000 0 eng u |
| 035 ## - SYSTEM CONTROL NUMBER | |
| System control number | (Sirsi) u132251 |
| 041 0# - LANGUAGE CODE | |
| Language code of text/sound track or separate title | eng |
| 100 1# - MAIN ENTRY--PERSONAL NAME | |
| Personal name | Becker, Florian |
| 245 00 - TITLE STATEMENT | |
| Title | Planning, EC law and access to the property market |
| 260 ## - PUBLICATION, DISTRIBUTION, ETC. | |
| Date of publication, distribution, etc. | 2005 |
| 490 #0 - SERIES STATEMENT | |
| Series statement | Scots Law Times |
| Volume/sequential designation | 40 16 December 2005, 219-221(3) |
| 520 ## - SUMMARY, ETC. | |
| Summary, etc. | Refers to the production of draft local plan proposals regarding new housing developments in the Cairngorms. These proposals consist of a ban by the Cairgorms National Park Authority to block people from outside the area from buying properties. This article draws attention to the regulatory framework of the European Community Treaty (TEC). It is argued that this needs to be respected not only by the central government or legislature, but by all regulatory and other authorities established within the Member States. The implications of EU law and regulation of access to the property market are discussed. |
| 650 24 - SUBJECT ADDED ENTRY--TOPICAL TERM | |
| Topical term or geographic name entry element | CAIRNGORMS |
| 690 ## - LOCAL SUBJECT ADDED ENTRY--TOPICAL TERM (OCLC, RLIN) | |
| Topical term or geographic name as entry element | PROPERTY-RESIDENTIAL PROPERTY-RESIDENTIAL PROPERTY MARKET |
| 942 ## - ADDED ENTRY ELEMENTS (KOHA) | |
| Suppress in OPAC | 0 |
| Withdrawn status | Lost status | Source of classification or shelving scheme | Damaged status | Not for loan | Home library | Current library | Shelving location | Date acquired | Total Checkouts | Full call number | Barcode | Date last seen | Copy number | Price effective from | Koha item type |
|---|---|---|---|---|---|---|---|---|---|---|---|---|---|---|---|
| Dewey Decimal Classification | London | London | Journal article | 23/01/2006 | L132251 | 132251-1001 | 06/08/2019 | 1 | 06/08/2019 | Journal article |